Top 4 Jupiler Pro League - Statistics

General Stats
  • This quiz has been taken 250 times
  • The average score is 8 of 37
Answer Stats
Answer % Correct
RSC Anderlecht
99%
Club Brugge
97%
KRC Genk
94%
KAA Gent
88%
Cercle Brugge
46%
Koninklijke Lierse Sportkring
43%
KSC Lokeren
37%
SV Zulte Waregem
36%
KV Oostende
30%
Standard Luik
30%
KV Mechelen
29%
KV Kortrijk
28%
KSK Beveren
26%
Union Sint-Gillis
22%
Antwerp FC
20%
Racing Club de Bruxelles
20%
Daring Club de Bruxelles
13%
Excelsior Moeskroen
11%
KSV Waregem
10%
RFC Seraing
9%
Sporting Club de Bruxelles
8%
Racing Mechelen
7%
Sporting Charleroi
5%
Waterschei SV Thor
5%
Club Luik
4%
SC Eendracht Aalst
4%
Beerschot AC
3%
Racing White Daring Molenbeek
3%
Léopold Club de Bruxelles
1%
Sint-Truidense VV
1%
Athletic & Running Club de Bruxelles
0%
Berchem Sport
0%
Beringen FC
0%
CS Verviétois
0%
Koninklijke Beerschot Antwerpen Club
0%
R. OC de Charleroi
0%
Tilleur FC
0%
No matching quizzes found
Score Distribution
Percent of People with Each Score
Percentile by Number Answered
Your Score History
You have not taken this quiz